An den Hochwirdigen Fürsten unnd Herren, Herrn Walthern vonn Blettenbergk, Deütsch Ordens Meyster ynn Lyffland, eyn gar Christlich Ermanung czu der Leer und Erkantnyss Christi, durch ... Frydrichen, Herrn czu Heydeck, etwa desselbigenn Ordens, nun aber yn rechtem Christen Orden der wenig ist (Запись № 10227513)

Подробности
000 -МАРКЕР
контрольное поле 01397nam0a22003371 4500
001 - ИДЕНТИФИКАТОР ЗАПИСИ
контрольное поле RU\NLR\A2V16\12370
005 - ИДЕНТИФИКАТОР ВЕРСИИ
контрольное поле 20251203171251.9
035 ## - ДРУГИЕ СИСТЕМНЫЕ НОМЕРА
Идентификатор записи (NLR Aleph) 009815429
100 ## - ДАННЫЕ ОБЩЕЙ ОБРАБОТКИ
Данные общей обработки 19990330d1526 u y0rusy50 ca
101 0# - ЯЗЫК РЕСУРСА
Язык текста, звукозаписи и т.д. немецкий
102 ## - СТРАНА ПУБЛИКАЦИИ ИЛИ ПРОИЗВОДСТВА
Страна публикации российская федерация
105 ## - ПОЛЕ КОДИРОВАННЫХ ДАННЫХ: ТЕКСТОВЫЕ МАТЕРИАЛЫ, МОНОГРАФИЧЕСКИЕ
Кодированные данные о монографическом текстовом документе a ||||000|y
200 1# - ЗАГЛАВИЕ И СВЕДЕНИЯ ОБ ОТВЕТСТВЕННОСТИ
Основное заглавие An den Hochwirdigen Fürsten unnd Herren, Herrn Walthern vonn Blettenbergk, Deütsch Ordens Meyster ynn Lyffland, eyn gar Christlich Ermanung czu der Leer und Erkantnyss Christi, durch ... Frydrichen, Herrn czu Heydeck, etwa desselbigenn Ordens, nun aber yn rechtem Christen Orden der wenig ist
210 ## - ПУБЛИКАЦИЯ, РАСПРОСТРАНЕНИЕ И ДР.
Место издания, распространения и т.д. Konigssberg ynn Preussen [Kaliningrad
Имя издателя, распространителя и т. д. s.n.
Дата издания, распространения и т.д. 1526]
215 ## - ФИЗИЧЕСКАЯ ХАРАКТЕРИСТИКА
Специфическое обозначение материала и объем [44] с.
Другие сведения о физической характеристике грав. тит. л.
Размеры 4° (20 см)
306 ## - ПРИМЕЧАНИЯ, ОТНОСЯЩИЕСЯ К ПУБЛИКАЦИИ, РАСПРОСТРАНЕНИЮ И ИСПОЛНЕНИЯ ИЗДАНИЯ
Текст примечания В конце текста дата: Geendet am XX. Tag Januarij, in dem Jar M.CCCCC.XXVI.
317 ## - ПРИМЕЧАНИЯ О ПРОИСХОЖДЕНИИ ЭКЗЕМПЛЯРА
Текст примечания Экз. с владельч. записью
Организация и экземпляр, к которому относится поле 13.9.3.915
600 #1 - ИМЯ ЛИЦА КАК ПРЕДМЕТ
-- z01690
Начальный элемент ввода Plettenberg
Часть имени, кроме начального элемента ввода W.
Даты -1535
Расширение инициалов личного имени Wolter von
620 ## - МЕСТО И ДАТА ПУБЛИКАЦИИ, ИСПОЛНЕНИЯ И Т. Д.
Город Kaliningrad
686 1# - ИНДЕКСЫ ДРУГИХ КЛАССИФИКАЦИЙ
Индекс Р6-637 [Э375-647.315-343]
690 #1 -
-- z01600
-- Blettenbergk
-- Walther vonn
700 #1 - ИМЯ ЛИЦА - ПЕРВИЧНАЯ ОТВЕТСТВЕННОСТЬ
Связь между полями z02790
Начальный элемент ввода Heideck
Часть имени, кроме начального элемента ввода F. zu
Даты -1536
Расширение инициалов личного имени Friedrich zu
Код отношения Автор
790 #1 - ИМЯ ЛИЦА - АЛЬТЕРНАТИВНАЯ ФОРМА
Связь между полями z02700
Начальный элемент ввода Heydeck
Код отношения Автор
801 #0 - ИСТОЧНИК ЗАПИСИ
Страна российская федерация
Организация NLR
Дата составления 19990330
852 ## - МЕСТОНАХОЖДЕНИЕ И ШИФР ХРАНЕНИЯ
Идентификатор организации NLR
Шифр хранения (Call Number) 13.9.3.915
942 ## - ДОПОЛНИТЕЛЬНЫЕ ЭЛЕМЕНТЫ ЗАПИСИ (АБИС)
Тип экземпляра АБИС Книга
980 ## - КОЛЛЕКЦИЯ
Название коллекции Национальная библиография
980 ## - КОЛЛЕКЦИЯ
Название коллекции Книги XVI века на европейских языках

Нет доступных экземпляров.